Mapa de Estados de Brasil - Estadísticas

Estadísticas generales
  • Esta prueba ha sido intentada 3.511 veces
  • La puntuación promedio es 12 de 27
Respuestas en el mapa
Las respuestas están codificadas por una escala verde-roja en el mapa de la prueba según el % correcto abajo.
 
Estadísticas de respuestas
Respuesta % Correcto
Amazonas
68%
Río Grande do Sul
66%
Río de Janeiro
64%
Distrito Federal
62%
São Paulo
58%
Mato Grosso
54%
Mato Grosso do Sul
51%
Acre
50%
Minas Gerais
47%
Bahía
46%
Santa Catarina
46%
Paraná
43%
Goiás
42%
Río Grande do Norte
42%
Espírito Santo
41%
Pernambuco
38%
Pará
35%
Amapá
34%
Rondônia
34%
Roraima
32%
Ceará
31%
Tocantins
31%
Maranhão
30%
Sergipe
28%
Piauí
27%
Alagoas
26%
Paraíba
24%
No se encontraron pruebas coincidentes
Distribución de puntuación
Porcentaje de gente con cada puntuación
Porcentaje por número respondido
Historial de tus puntuaciones
No has intentado esta prueba.